000 00983nam a2200253Ia 4500
003 OSt
005 20220923225334.0
006 a|||||r|||| 00| 0
007 ta
008 220922b |||||||| |||| 00| 0 hin d
024 _a263,665
037 _cTextual
040 _aARTS
_cARTS
_bhin
041 _2hin
_ahin
082 _aV2:71.A, 152P3
100 _aपाण्डेय, ओम्प्रकाश, संपा.
_9157127
245 0 _aवैदिक इतिहास एंव पुरातत्त्व की अद्यतन प्रवृत्तियॉं
246 _aVaidik itihās eanva purātattva kī adyatan pravṛuttiyaॉan
260 _aदिल्ली
_b नाग पब्लिशर्स
_c2003
300 _a208पृ.
_ccm.
650 _aविश्व-इतिहास
942 _hV2:71.A, 152P3
_cTEXL
_2CC
999 _c377631
_d377631